Theories and Manifestoes of Contemporary Architecture /

Antología que reúne las principales contribuciones teóricas y manifiestos estéticos del pensamiento arquitectónico de la segunda mitad del siglo XX. James Stirling, Robert Venturi, Colin Rowe, Christopher Alexander, Frank Gehry, Reyner Banham, Bernard Tschumi, Rem Koolhaas, Leon Krier, Demetri Porph...

Descripció completa

Guardat en:
Dades bibliogràfiques
Autor principal: Jencks, Charles (ed.)
Altres autors: Kropf, Karl (edición) (edición)
Format: Llibre
Idioma:anglès
Publicat: Inglaterra : Academy, 1997, c1997
Matèries:
Etiquetes: Afegir etiqueta
Sense etiquetes, Sigues el primer a etiquetar aquest registre!

MARC

LEADER 00000nam^a2200000^a^4500
001 000119065
005 20250521000000.0
009 20260526122953.682
020 |a 0-471-97687-3 
037 |a Acervo ITESO - Biblioteca 
041 |a ING 
082 |a 724. 601  |b JEN 
100 |a Jencks, Charles  |e (ed.) 
245 1 0 |a Theories and Manifestoes of Contemporary Architecture /  |c Ed. de C. Jencks, K. Kropf ; introd. de C. Jencks. 
264 4 |a Inglaterra :  |b Academy,  |c 1997, c1997 
300 |a 312 p. 
336 |a texto  |b txt  |2 rdacontenido 
337 |a sin mediación  |b n  |2 rdamedio 
338 |a volumen  |b nc  |2 rdasoporte 
520 |a Antología que reúne las principales contribuciones teóricas y manifiestos estéticos del pensamiento arquitectónico de la segunda mitad del siglo XX. James Stirling, Robert Venturi, Colin Rowe, Christopher Alexander, Frank Gehry, Reyner Banham, Bernard Tschumi, Rem Koolhaas, Leon Krier, Demetri Porphyrios, Quinlan Terry y Prince Charles son algunos de los autores cuyas ideas conviven en esta obra, que da cuenta de los vaivenes entre cambio y permanencia en los postulados arquitectónicos finiseculares: de un posmodernismo crítico y ecológico a un modernismo tardío escultural y high-tech y a un nuevo modernismo deconstructivo y subversivo. 
649 |a XX 
650 |a Ecodiseño 
650 |a Deconstrucción 
650 |a Modernidad y Posmodernidad 
650 |a Arquitectura -  |x Teoría 
650 |a Arquitectura -  |y Siglo XX 
650 |a Arquitectura Moderna 
650 |a Estética 
650 |a Arte -  |y Siglo XX 
650 |a Arte Moderno 
700 |a Kropf, Karl  |e (edición) 
910 |a Fondo General 
920 |a Impresos - Libros 
930 |a Colección General 
905 |a 101 
901 |a 0500053962  |b IT1  |c ACC  |u 20250521 
902 |a https://opac.biblio.iteso.mx/vufind/Record/000119065